000 01117cam a2200277 a 4500
001 11872665
003 OSt
005 20160722173945.0
008 991220s2000 flua bf 001 0 eng
010 _a 99086773
020 _a0849325234 (acid-free paper)
040 _aDLC
_cDLC
_dDLC
082 _aQY 90
_bF983c 2000
100 1 _aFurr, A. Keith,
_910404
245 1 0 _aCRC handbook of laboratory safety /
_cA. Keith Furr.
246 3 0 _aLaboratory safety
250 _a5th ed.
260 _aBoca Raton :
_bCRC Press,
_c2000.
300 _axxvii, 774 p. :
_bill. ;
_c26 cm.
504 _aIncludes bibliographical references and index.
650 0 _aChemical laboratories
_xSafety measures
_vHandbooks, manuals, etc.
_910405
856 4 2 _3Publisher description
_uhttp://www.loc.gov/catdir/enhancements/fy0646/99086773-d.html
906 _a7
_bcbc
_corignew
_d1
_eocip
_f19
_gy-gencatlg
942 _2z
_cO_SHELF
999 _c4849
_d4849